[Event "London Classic Open 2016"]
[Site "London ENG"]
[Date "2016.12.14"]
[Round "7.51"]
[White "Makepeace, Philip J"]
[Black "Rydstrom, Tom"]
[Result "1/2-1/2"]
[BlackTitle "FM"]
[WhiteElo "2077"]
[BlackElo "2239"]
[WhiteFideId "413550"]
[BlackFideId "1714830"]
[EventDate "2016.12.09"]

1. d4 Nf6 2. Nf3 b6 3. g3 Bb7 4. Bg2 e6 5. O-O Be7 6. c4 O-O 7. Nc3 Ne4 8. Nxe4
Bxe4 9. Bf4 d6 10. Rc1 Nd7 11. b4 a5 12. b5 Bf6 13. Qd2 Re8 14. Rfd1 Qe7 15. Qe3
Bb7 16. Bg5 Rad8 17. h4 h6 18. Bxf6 Qxf6 19. Nd2 Bxg2 20. Kxg2 e5 21. Ne4 Qg6
22. Nc3 f5 23. dxe5 Rxe5 24. Qd4 Rf8 25. Nd5 Qh5 26. e3 Re4 27. Nf4 Qe8 28. Qd5+
Rf7 29. Rd4 Re5 30. Qf3 Qd8 31. Nd3 Re8 32. Qd5 Qf6 33. Qc6 Qd8 34. Qd5 Re7 35.
Rf4 g6 36. h5 Nf6 37. Qf3 Nxh5 38. Rh4 Kg7 39. Rch1 Re8 40. Rxh5 gxh5 41. Nf4
Qe7 42. Qxh5 Qg5 43. Qd1 Kg8 44. Rh5 Qf6 45. Qh1 Rh7 46. Qh3 Rf8 47. Nd5 Qe6 48.
Nf4 Qf6 49. Nd5 Qg6 50. Nf4 Qf6 51. Nd5 1/2-1/2

[Event "London Classic Open 2016"]
[Site "London ENG"]
[Date "2016.12.14"]
[Round "7.52"]
[White "Tiwari, Ashwani"]
[Black "Stigar, Petter"]
[Result "1/2-1/2"]
[WhiteTitle "FM"]
[BlackTitle "FM"]
[WhiteElo "2065"]
[BlackElo "2236"]
[WhiteFideId "5006961"]
[BlackFideId "1500341"]
[EventDate "2016.12.09"]

1. e4 e6 2. d3 d5 3. Nd2 c5 4. Ngf3 Nc6 5. g3 g6 6. Bg2 Bg7 7. O-O Nge7 8. Re1
O-O 9. c3 Qc7 10. Nf1 dxe4 11. dxe4 b6 12. e5 Bb7 13. Qe2 Rad8 14. Bf4 h6 15. h4
Nd5 16. Bd2 Nde7 17. Bf4 Nd5 18. Bd2 Nde7 19. Bf4 1/2-1/2

[Event "London Classic Open 2016"]
[Site "London ENG"]
[Date "2016.12.14"]
[Round "7.53"]
[White "Seymour, Timothy P"]
[Black "Kett, Tim"]
[Result "1/2-1/2"]
[WhiteElo "2060"]
[BlackElo "2228"]
[WhiteFideId "412112"]
[BlackFideId "1801210"]
[EventDate "2016.12.09"]

1. c4 e5 2. g3 Nf6 3. Bg2 c6 4. Nf3 e4 5. Nd4 d5 6. d3 Bb4+ 7. Nc3 O-O 8. O-O
Bxc3 9. bxc3 exd3 10. Qxd3 dxc4 11. Qxc4 Nbd7 12. a4 Qa5 13. e4 Qh5 14. Qe2 Qxe2
15. Nxe2 Re8 16. f3 Ne5 17. Nd4 Nfd7 18. Rd1 a5 19. Kf2 Nc5 20. Bf1 Bd7 21. Kg2
Rad8 22. Be3 Bc8 1/2-1/2

[Event "London Classic Open 2016"]
[Site "London ENG"]
[Date "2016.12.14"]
[Round "7.54"]
[White "Willmoth, Robert F"]
[Black "Stanisz, Patryk"]
[Result "0-1"]
[WhiteTitle "CM"]
[WhiteElo "2216"]
[BlackElo "2064"]
[WhiteFideId "402540"]
[BlackFideId "1123106"]
[EventDate "2016.12.09"]

1. d4 f5 2. c4 Nf6 3. Nf3 g6 4. g3 Bg7 5. Bg2 d6 6. Nc3 O-O 7. O-O c6 8. Qc2 Na6
9. a3 Qe8 10. d5 Bd7 11. Rd1 cxd5 12. cxd5 Rc8 13. Qb3 Ne4 14. Qxb7 Nxc3 15.
bxc3 Nc5 16. Qb1 Rb8 17. Qa2 Bxc3 18. Rb1 Ba4 19. Bh6 Bxd1 20. Rxd1 Qa4 21. Rc1
Rb2 22. Qa1 Nb3 0-1

[Event "London Classic Open 2016"]
[Site "London ENG"]
[Date "2016.12.14"]
[Round "7.55"]
[White "Bukojemski, Adam"]
[Black "Jamroz, Krzysztof"]
[Result "1-0"]
[WhiteElo "2214"]
[BlackElo "2045"]
[WhiteFideId "1114620"]
[BlackFideId "1111850"]
[EventDate "2016.12.09"]

1. e4 c5 2. Nf3 Nc6 3. Bb5 e6 4. O-O Nge7 5. c3 a6 6. Ba4 b5 7. Bc2 d5 8. d4
cxd4 9. Nxd4 Nxd4 10. Qxd4 Nc6 11. Qe3 d4 12. Qg3 Qd6 13. f4 Qc5 14. Kh1 Bb7 15.
Bd2 Rd8 16. a3 a5 17. Bd3 dxc3 18. Nxc3 Qd4 19. Rf3 b4 20. axb4 Qxb4 21. Qe1 Nd4
22. Re3 Bc6 23. Nb5 Qe7 24. Nxd4 Rxd4 25. Bc3 Rd7 26. Bxa5 Ra7 27. Rc1 Qb7 28.
b4 Bd6 29. Qc3 Bd7 30. e5 Bf8 31. Qc2 g6 32. Be4 Qb8 33. Rd3 Bxb4 34. Bxb4 Qxb4
35. Rb3 Qd4 36. Rb8+ Ke7 37. Rxh8 Ra1 38. Rxa1 1-0

[Event "London Classic Open 2016"]
[Site "London ENG"]
[Date "2016.12.14"]
[Round "7.56"]
[White "Czajkowski, Adam"]
[Black "Czopor, Maciej"]
[Result "1/2-1/2"]
[WhiteElo "2212"]
[BlackElo "2035"]
[WhiteFideId "1151932"]
[BlackFideId "21805431"]
[EventDate "2016.12.09"]

1. e4 c5 2. Nc3 e6 3. g3 d5 4. exd5 exd5 5. d4 Nf6 6. Nge2 Nc6 7. Bg2 Be6 8. O-O
Rc8 9. Bg5 cxd4 10. Nxd4 Nxd4 11. Qxd4 Bc5 12. Qa4+ Bd7 13. Rfe1+ Kf8 14. Qh4
Qb6 15. Bxf6 Bxf2+ 16. Kf1 Bxe1 17. Be7+ Kg8 18. Rxe1 Qxb2 19. Nxd5 Rxc2 20. Qe4
Rf2+ 21. Kg1 Bf5 22. Ba3 Bxe4 23. Ne7+ Kf8 24. Ng6+ Kg8 1/2-1/2

[Event "London Classic Open 2016"]
[Site "London ENG"]
[Date "2016.12.14"]
[Round "7.57"]
[White "Lentzos, Ioanis"]
[Black "Thuesen, Mogens"]
[Result "1-0"]
[WhiteElo "2035"]
[BlackElo "2212"]
[WhiteFideId "4255470"]
[BlackFideId "1400878"]
[EventDate "2016.12.09"]

1. d4 d5 2. c4 e6 3. cxd5 exd5 4. Nc3 c6 5. Bf4 g5 6. Be5 f6 7. Bg3 h5 8. h4 Bd6
9. Bxd6 Qxd6 10. hxg5 fxg5 11. e4 Bg4 12. Qd2 Ne7 13. Qxg5 Nd7 14. Be2 Rg8 15.
Qe3 dxe4 16. Nxe4 Qe6 17. Bc4 Qg6 18. Bxg8 O-O-O 19. Bc4 Nf5 20. Qf4 Nb6 21. Bb3
Nxd4 22. f3 Bf5 23. O-O-O Bxe4 24. Qxe4 Qg5+ 25. f4 Nxb3+ 26. axb3 Qc5+ 27. Qc2
Qe3+ 28. Kb1 Rxd1+ 29. Qxd1 Qe4+ 30. Kc1 Qxf4+ 31. Qd2 Qf1+ 32. Kc2 Nd5 33. Qe2
Qf5+ 34. Kc1 Nf4 35. Qc2 Qa5 36. Nf3 1-0

[Event "London Classic Open 2016"]
[Site "London ENG"]
[Date "2016.12.14"]
[Round "7.58"]
[White "Haessel, Dale R."]
[Black "Millward, Kevin P"]
[Result "1-0"]
[WhiteTitle "FM"]
[WhiteElo "2208"]
[BlackElo "2027"]
[WhiteFideId "2012618"]
[BlackFideId "404721"]
[EventDate "2016.12.09"]

1. d4 d6 2. e4 g6 3. Nc3 Bg7 4. Be3 a6 5. h4 h5 6. Qd2 b5 7. O-O-O Bb7 8. f3 Nd7
9. Nh3 c5 10. Ng5 cxd4 11. Bxd4 Ngf6 12. g4 Qc7 13. Bh3 Nb6 14. gxh5 Nxh5 15.
Nd5 Bxd5 16. Bxb6 Qxb6 17. Qxd5 O-O 18. Be6 Bh6 19. Bxf7+ Kg7 20. Kb1 Bxg5 21.
Bxg6 e6 22. Qxg5 Nf6 23. Rhg1 Qc5 24. Bf5+ Kf7 25. Qg7+ Ke8 26. Bg6+ 1-0

[Event "London Classic Open 2016"]
[Site "London ENG"]
[Date "2016.12.14"]
[Round "7.59"]
[White "Fischer, Daniel"]
[Black "Gurevich, Artjom"]
[Result "1/2-1/2"]
[WhiteElo "2024"]
[BlackElo "2207"]
[WhiteFideId "1328360"]
[BlackFideId "2603870"]
[EventDate "2016.12.09"]

1. e4 d5 2. exd5 Nf6 3. d4 Nxd5 4. Nf3 Bf5 5. Bd3 Bxd3 6. Qxd3 e6 7. O-O Nc6 8.
c4 Nf6 9. Nc3 Be7 10. Bf4 O-O 11. Rad1 Nb4 12. Qd2 c6 13. Rfe1 Re8 14. h3 a5 15.
a3 Na6 16. Ne5 Nc7 17. Bh2 Bd6 18. Qf4 b5 19. Qf3 bxc4 20. Qxc6 Ncd5 21. Qxc4
Rc8 22. Qb3 Rb8 23. Qa2 Qb6 24. Nxd5 Nxd5 25. Nc4 Bxh2+ 26. Kxh2 Qa7 27. Kg1
Rec8 28. Rd2 a4 29. Ne3 Rb5 30. Nxd5 Rxd5 31. Red1 h6 32. b4 axb3 33. Qxb3 Ra5
34. Rd3 Ra8 35. Ra1 Rb8 36. Qc3 Rd8 37. Rad1 Rad5 38. Qc4 Ra5 39. Qc3 Rad5 40.
Qc4 Ra5 41. Qc3 Rad5 1/2-1/2

[Event "London Classic Open 2016"]
[Site "London ENG"]
[Date "2016.12.14"]
[Round "7.60"]
[White "Haribalu, V."]
[Black "Riedener, Toni"]
[Result "1-0"]
[WhiteElo "2201"]
[BlackElo "2026"]
[WhiteFideId "5015189"]
[BlackFideId "1302698"]
[EventDate "2016.12.09"]

1. e4 c5 2. Nc3 a6 3. a4 d6 4. Bc4 e6 5. Nf3 Nf6 6. d4 cxd4 7. Nxd4 Be7 8. O-O
O-O 9. Be3 Qc7 10. Qe2 Ng4 11. Qxg4 Qxc4 12. Rad1 Nd7 13. Qg3 Rd8 14. Bh6 Bf8
15. Nd5 exd5 16. Bxg7 1-0

[Event "London Classic Open 2016"]
[Site "London ENG"]
[Date "2016.12.14"]
[Round "7.61"]
[White "Woong, Zhi Wei William"]
[Black "Semprun Martinez, Fernando"]
[Result "1-0"]
[WhiteTitle "CM"]
[WhiteElo "2000"]
[BlackElo "2193"]
[WhiteFideId "5804906"]
[BlackFideId "2203170"]
[EventDate "2016.12.09"]

1. e4 e5 2. Nf3 Nc6 3. Bb5 a6 4. Ba4 Nf6 5. O-O Be7 6. Re1 b5 7. Bb3 d6 8. c3
O-O 9. d4 Bg4 10. d5 Na5 11. Bc2 Qc8 12. h3 Bd7 13. Nbd2 c6 14. dxc6 Qxc6 15.
Nf1 Rfc8 16. Bd3 Nb7 17. Ng3 g6 18. Nh2 a5 19. Bd2 Nc5 20. Bc2 Qb7 21. Bg5 Qb6
22. Qf3 Kg7 23. Ng4 Qd8 24. Bh6+ Kg8 25. Ne3 Ne8 26. Nd5 Bf8 27. Be3 Be6 28.
Rad1 Rab8 29. Nf1 b4 30. cxb4 axb4 31. Bxc5 Rxc5 32. Bb3 Bh6 33. Nfe3 Bxe3 34.
Qxe3 Bxd5 35. Rxd5 Rxd5 36. Bxd5 Nf6 37. Bb3 Kg7 38. Qa7 d5 39. exd5 Qd6 40. Qe3
Re8 41. Rc1 e4 42. Qd4 Qf4 43. Rc6 Rd8 44. d6 Qf5 45. Rc7 Rd7 46. g4 1-0

[Event "London Classic Open 2016"]
[Site "London ENG"]
[Date "2016.12.14"]
[Round "7.62"]
[White "Pollack, Oscar"]
[Black "Ilfeld, Etan"]
[Result "0-1"]
[WhiteElo "1985"]
[BlackElo "2181"]
[WhiteFideId "429414"]
[BlackFideId "2803470"]
[EventDate "2016.12.09"]

1. e4 e5 2. Nf3 Nc6 3. d4 exd4 4. Nxd4 Bc5 5. Nxc6 Qf6 6. Qf3 dxc6 7. Qxf6 Nxf6
8. f3 Be6 9. Nd2 O-O-O 10. Nb3 Bb6 11. Bd2 Bf2+ 12. Kxf2 Bxb3 13. axb3 Rxd2+ 14.
Be2 a6 15. Rac1 Rhd8 16. Rhd1 b5 17. Rxd2 Rxd2 18. Ke3 Rd7 19. Rd1 c5 20. g4 g5
21. f4 h6 22. Rxd7 Kxd7 23. c4 c6 24. e5 Ng8 25. Bd3 Ne7 26. Bf5+ Kc7 27. e6 f6
28. fxg5 fxg5 29. Ke4 Kd6 30. h4 Ng8 31. h5 Nf6+ 32. Ke3 Ne8 33. Kd3 Nc7 34. Ke3
Nxe6 35. Bxe6 Kxe6 36. Ke4 Kf6 37. cxb5 axb5 38. b4 cxb4 39. Kd4 b3 0-1

[Event "London Classic Open 2016"]
[Site "London ENG"]
[Date "2016.12.14"]
[Round "7.63"]
[White "French, Max"]
[Black "Jones, Steven A"]
[Result "0-1"]
[WhiteElo "1962"]
[BlackElo "2175"]
[WhiteFideId "426652"]
[BlackFideId "419630"]
[EventDate "2016.12.09"]

1. d4 Nf6 2. c4 e6 3. Nf3 Bb4+ 4. Bd2 Qe7 5. g3 Nc6 6. Bg2 Bxd2+ 7. Qxd2 Ne4 8.
Qc2 Qb4+ 9. Nc3 Nxc3 10. Qxc3 Qxc3+ 11. bxc3 Rb8 12. c5 b6 13. cxb6 axb6 14. e4
d6 15. Bf1 Ke7 16. Nd2 e5 17. d5 Na5 18. Bd3 Ra8 19. Ke2 Bd7 20. Rhb1 Ra7 21.
Rb2 Nb7 22. Bc2 Nc5 23. Ke3 Ra3 24. Nb1 Ra7 25. Nd2 Rha8 26. Bd1 g6 27. Bc2 Na4
28. Bxa4 Rxa4 29. Kd3 f5 30. f3 Kf6 31. Nc4 Bc8 32. a3 Ba6 33. Rb4 Bxc4+ 34.
Kxc4 Rxa3 35. Rxa3 Rxa3 36. Rb3 Ra5 37. Rb2 Kg5 38. Rf2 Ra1 39. Kb5 Rc1 40. c4
Kf6 41. h4 Ke7 42. h5 Kd7 43. hxg6 hxg6 44. Rh2 Rc3 45. Rh7+ Kc8 46. exf5 gxf5
47. Rf7 e4 48. fxe4 fxe4 49. Re7 Kb7 50. Rxe4 Rxg3 51. Re8 Ra3 52. Rh8 Ra1 53.
Rg8 Rb1+ 54. Ka4 b5+ 55. cxb5 Rd1 56. Kb4 Rxd5 57. Kc4 Rc5+ 58. Kb4 Rh5 59. Rd8
Rh4+ 60. Ka5 Rh1 61. Kb4 Rb1+ 62. Kc4 Ra1 63. Kb4 Ra8 64. Rd7 Kb6 65. Kc4 Rh8
66. Kb4 Rh5 67. Ka4 Rxb5 68. Rxc7 Ra5+ 69. Kb4 Kxc7 70. Kxa5 Kc6 71. Kb4 Kd5 72.
Kc3 Ke4 73. Kc2 d5 74. Kd2 Kd4 75. Ke2 Kc3 76. Kd1 Kd3 77. Kc1 Ke2 0-1

[Event "London Classic Open 2016"]
[Site "London ENG"]
[Date "2016.12.14"]
[Round "7.64"]
[White "Rocco, Federico"]
[Black "Garcia Martinez, Marcos"]
[Result "0-1"]
[WhiteElo "1927"]
[BlackElo "2160"]
[WhiteFideId "431362"]
[BlackFideId "22245073"]
[EventDate "2016.12.09"]

1. e4 e6 2. d3 d5 3. Nd2 Nf6 4. g3 b6 5. Bg2 Bb7 6. Ngf3 Be7 7. O-O c5 8. Re1
Nc6 9. e5 Nd7 10. Nf1 Qc7 11. Bf4 h6 12. h4 O-O-O 13. Ne3 Nd4 14. Nxd4 cxd4 15.
Nf5 exf5 16. e6 Bd6 17. exd7+ Qxd7 18. Bxd6 Qxd6 19. Qe2 g6 20. f4 Kd7 21. Qf2
Rhe8 22. Qxd4 Qc5 23. Qxc5 bxc5 24. Kf2 Bc6 25. Rxe8 Rxe8 26. Re1 Rb8 27. b3 a5
28. Ke2 a4 29. Kd2 Ra8 30. Re5 Kd6 31. Re1 axb3 32. axb3 Ra7 33. Bh1 h5 34. Kc3
Ra2 35. Rd1 d4+ 36. Kd2 Bxh1 37. Rxh1 Ra7 38. Rb1 Rb7 39. c3 Kd5 40. b4 dxc3+
41. Kxc3 cxb4+ 42. Rxb4 Rxb4 0-1

[Event "London Classic Open 2016"]
[Site "London ENG"]
[Date "2016.12.14"]
[Round "7.65"]
[White "Bates, Caspar J"]
[Black "Stolarczyk, Anna"]
[Result "1-0"]
[BlackTitle "WCM"]
[WhiteElo "2156"]
[BlackElo "1992"]
[WhiteFideId "414760"]
[BlackFideId "1126423"]
[EventDate "2016.12.09"]

1. Nf3 d5 2. e3 c5 3. Bb5+ Bd7 4. c4 Bxb5 5. cxb5 Nf6 6. O-O Nbd7 7. d3 e5 8. e4
d4 9. Na3 g6 10. Nc4 Qc7 11. Nh4 Nh5 12. g3 Be7 13. Ng2 O-O 14. Bh6 Ng7 15. f4
exf4 16. Nxf4 Qd8 17. Qg4 Nb6 18. Nxb6 Qxb6 19. Nd5 Qd6 20. Bf4 Qd8 21. Bc7 Qe8
22. e5 Nh5 23. Nxe7+ Qxe7 24. Bd6 Qe8 25. Bxf8 Kxf8 26. e6 f5 27. Rae1 Qxb5 28.
Rxf5+ gxf5 29. e7+ Kf7 30. Qxh5+ Kf6 31. e8=N+ 1-0

[Event "London Classic Open 2016"]
[Site "London ENG"]
[Date "2016.12.14"]
[Round "7.66"]
[White "Cole, James"]
[Black "Gross, Willi"]
[Result "1-0"]
[WhiteElo "1827"]
[BlackElo "2144"]
[WhiteFideId "431818"]
[BlackFideId "1270470"]
[EventDate "2016.12.09"]

1. e4 c5 2. Nf3 Nc6 3. Bb5 g6 4. Bxc6 bxc6 5. O-O Bg7 6. Re1 Nh6 7. c3 O-O 8. d4
cxd4 9. cxd4 d5 10. e5 f6 11. exf6 exf6 12. h3 Bf5 13. Nc3 g5 14. b3 Re8 15. Ba3
Be4 16. Bc5 Qd7 17. Nxe4 dxe4 18. Nd2 f5 19. Nc4 Re6 20. Qd2 Bf6 21. Rad1 Qg7
22. d5 Bc3 23. dxe6 Bxd2 24. Rxd2 Re8 25. e7 Qf6 26. Red1 Nf7 27. Rd7 g4 28.
hxg4 fxg4 29. Rxa7 Qg5 30. Nd6 Rxe7 31. Ra8+ Kg7 32. Bd4+ Ne5 33. Nxe4 Qf4 34.
Ng3 Kf7 35. Ra4 Rd7 36. Ra7 Rxa7 37. Bxa7 Qb4 38. Be3 Kg6 39. Rc1 1-0

[Event "London Classic Open 2016"]
[Site "London ENG"]
[Date "2016.12.14"]
[Round "7.67"]
[White "Gudenas, Motiejus"]
[Black "Zoltek, Tadeusz"]
[Result "1/2-1/2"]
[BlackTitle "FM"]
[WhiteElo "1919"]
[BlackElo "2140"]
[WhiteFideId "2405229"]
[BlackFideId "1101048"]
[EventDate "2016.12.09"]

1. e4 e6 2. b3 d5 3. Bb2 Nf6 4. Nc3 Be7 5. g4 d4 6. Nce2 e5 7. f3 Nxe4 8. fxe4
Bxg4 9. Qb1 Bh4+ 10. Ng3 f5 11. Be2 Qg5 12. exf5 Bxf5 13. Nf3 Bxg3+ 14. hxg3
Qxg3+ 15. Kd1 Bg4 16. Rg1 Qf4 17. Nxd4 Qh2 18. Re1 Bxe2+ 19. Nxe2 Nc6 20. c4
O-O-O 21. Qf5+ Kb8 22. Bc3 a5 23. Kc2 Nb4+ 24. Bxb4 axb4 25. Qf3 Qh6 26. Qe3
Qg6+ 27. d3 h5 28. a3 e4 29. Qxe4 Qxe4 30. dxe4 Rhe8 31. Nf4 Rf8 32. Rf1 Rfe8
33. axb4 Rxe4 34. Rae1 Red4 35. Rf2 Rf8 36. Ref1 h4 37. Kc3 Re4 38. Kd3 Re5 39.
Kd4 Rfe8 40. Ng6 Re4+ 41. Kd3 Re3+ 42. Kc2 h3 43. Rf8 h2 44. Rxe8+ Rxe8 45. Rh1
Re2+ 46. Kd3 Rb2 47. Kc3 Rg2 48. Nf4 Rg3+ 49. Nd3 Rg2 50. Kd4 g5 51. Ne1 Rg1 52.
Rxh2 Rxe1 53. Rg2 Rd1+ 54. Kc3 Rc1+ 55. Kd2 Rh1 56. Rxg5 Rh3 57. Kc2 Rh2+ 58.
Kc3 Rh3+ 59. Kb2 c6 60. b5 cxb5 61. Rxb5 Kc7 62. Rg5 Rh6 63. Kc3 Rf6 64. Kd4
Rd6+ 65. Rd5 Rb6 66. Kc3 Rh6 67. b4 Rh3+ 68. Rd3 Rh4 69. Rg3 b5 70. Rg7+ Kc8 71.
c5 Rc4+ 72. Kb3 Rh4 73. Re7 Rh3+ 74. Kc2 Rh4 75. Kc3 Rc4+ 76. Kb3 Rh4 77. Re6
Rh3+ 78. Kc2 Rh4 79. Kc3 Rh3+ 80. Kd4 Rh4+ 81. Kd5 Rxb4 82. Kc6 Kd8 83. Rd6+ Kc8
84. Rh6 Kd8 85. Kb7 Rc4 86. c6 b4 87. Rh8+ Ke7 88. Rh3 Kd6 89. Rd3+ Kc5 90. c7
Kb5 91. Rd6 Rxc7+ 92. Kxc7 Kc4 93. Kb6 b3 94. Ka5 b2 95. Rd1 Kb3 96. Kb5 Kc2 97.
Rh1 1/2-1/2

[Event "London Classic Open 2016"]
[Site "London ENG"]
[Date "2016.12.14"]
[Round "7.68"]
[White "Smith, Andrew Philip"]
[Black "Vachtfeidl, Petr"]
[Result "1-0"]
[WhiteTitle "FM"]
[WhiteElo "2136"]
[BlackElo "1963"]
[WhiteFideId "2500833"]
[BlackFideId "315028"]
[EventDate "2016.12.09"]

1. e4 c5 2. Nf3 e6 3. d4 cxd4 4. Nxd4 Nc6 5. Nc3 Qc7 6. Qd3 a6 7. Nxc6 dxc6 8.
Qg3 Qxg3 9. hxg3 e5 10. a4 Bb4 11. Bd2 a5 12. Bc4 Ke7 13. f3 Be6 14. Bxe6 Kxe6
15. g4 f6 16. g5 fxg5 17. Bxg5 Nf6 18. Ke2 h6 19. Be3 Nd7 20. Nd1 Rad8 21. Nf2
Bc5 22. Ng4 h5 23. Bxc5 hxg4 24. Be3 gxf3+ 25. gxf3 Rxh1 26. Rxh1 Rf8 27. Rg1
Kf6 28. Rd1 Ke6 29. Kf2 b6 30. Rg1 Kf6 31. Rg5 g6 32. Rg2 Rh8 33. Kg3 Rh1 34.
Rd2 Ke6 35. Kg4 Re1 36. Bf2 Rb1 37. b3 Rh1 38. Kg5 Rh8 39. Be3 Rf8 40. Rf2 Rf6
41. Kg4 Rf7 42. Bg5 Rh7 43. Rd2 Rh1 44. Bd8 Rg1+ 45. Kh3 Rc1 46. Bc7 Ke7 47.
Bd6+ Ke6 48. Bc7 Ke7 49. Kh4 Rf1 50. Rd6 Rxf3 51. Rxc6 Rf4+ 52. Kg5 Rxe4 53.
Bxb6 Nxb6 54. Rxb6 Re2 55. Kxg6 Rxc2 56. Kf5 Rc3 57. Kxe5 Kd7 58. Kd4 Rh3 59.
Kc4 1-0

[Event "London Classic Open 2016"]
[Site "London ENG"]
[Date "2016.12.14"]
[Round "7.69"]
[White "Van der Elburg, Freddie"]
[Black "O'Molloy, Eamonn"]
[Result "0-1"]
[WhiteElo "2135"]
[BlackElo "1942"]
[WhiteFideId "1007904"]
[BlackFideId "2505843"]
[EventDate "2016.12.09"]

1. f4 g6 2. Nf3 Bg7 3. g3 c5 4. Bg2 Nf6 5. O-O O-O 6. d3 d6 7. e4 Nc6 8. h3 Bd7
9. Nc3 Rb8 10. Be3 a6 11. Qd2 b5 12. a3 b4 13. axb4 Nxb4 14. d4 cxd4 15. Nxd4
Qc7 16. Rfc1 Rfc8 17. g4 Ne8 18. Nd1 e5 19. fxe5 Bxe5 20. c3 Nc6 21. Rxa6 Na5
22. Ra1 Nc4 23. Qf2 Nxe3 24. Nxe3 Nf6 25. Ra7 Rb7 26. Rxb7 Qxb7 27. Nd5 Nxd5 28.
exd5 Ra8 29. Rf1 Be8 30. Nc6 Bg7 31. Re1 Bf8 32. b4 Bg7 33. Kh1 Bxc3 34. Qf4
Bxe1 0-1

[Event "London Classic Open 2016"]
[Site "London ENG"]
[Date "2016.12.14"]
[Round "7.70"]
[White "Klingher, Dominic"]
[Black "Wilks, Simon"]
[Result "1/2-1/2"]
[WhiteElo "2126"]
[BlackElo "1935"]
[WhiteFideId "428850"]
[BlackFideId "427357"]
[EventDate "2016.12.09"]

1. d3 d5 2. Nf3 c6 3. Nbd2 Nf6 4. e4 dxe4 5. dxe4 Bg4 6. Bc4 e6 7. O-O Nbd7 8.
a4 a5 9. b3 Qc7 10. Bb2 Bd6 11. h3 Bh5 12. Re1 Ne5 13. Be2 Bxf3 14. Bxf3 Rd8 15.
Qe2 O-O 16. Nc4 Nxc4 17. Qxc4 Be5 18. Bxe5 Qxe5 19. Rad1 Nd7 20. g3 Nb6 21. Qe2
Qc7 22. Bg2 Rxd1 23. Rxd1 Rd8 24. f4 Rxd1+ 25. Qxd1 Nd7 26. Kf2 g6 27. Ke3 Kf8
28. Qd4 Qb6 29. e5 Ke7 30. Qxb6 Nxb6 31. c3 Kd7 32. g4 Nc8 33. Kd4 Kc7 34. Be4
h6 35. b4 Nb6 36. bxa5 Nd7 37. Bd3 Nb8 38. f5 gxf5 39. gxf5 Nd7 40. fxe6 fxe6
41. Bc4 Nf8 42. a6 b6 43. Ke4 Kb8 44. Bxe6 Nxe6 45. Kf5 Nc7 46. e6 Nxa6 47. e7
Nc7 48. Kf6 Kc8 49. Kf7 Kd7 50. h4 h5 51. Kf8 Ne6+ 52. Kf7 Nc7 53. Kf8 Ne6+ 54.
Kf7 Nc7 1/2-1/2

[Event "London Classic Open 2016"]
[Site "London ENG"]
[Date "2016.12.14"]
[Round "7.71"]
[White "Prior, Stephen C V"]
[Black "Cordes, Hans-Joerg"]
[Result "1/2-1/2"]
[BlackTitle "FM"]
[WhiteElo "2043"]
[BlackElo "2259"]
[WhiteFideId "423378"]
[BlackFideId "4602234"]
[EventDate "2016.12.09"]

1. d4 e6 2. Bf4 d5 3. e3 c5 4. c3 Bd6 5. Bg3 Nf6 6. Nf3 Nc6 7. Nbd2 O-O 8. Bb5
Qe7 9. Bxc6 bxc6 10. Qa4 cxd4 11. cxd4 Rb8 12. O-O c5 13. dxc5 Bxg3 14. hxg3
Qxc5 15. Nb3 Qb6 16. Ne5 Ba6 17. Rfc1 Rfc8 18. Nd7 Nxd7 19. Qxd7 Bc4 20. Kh2 Rc7
21. Qa4 Rbc8 22. Rc3 e5 23. Rac1 h5 24. Qa5 Qf6 25. R1c2 h4 26. g4 d4 27. exd4
exd4 28. Rf3 Qd6+ 29. Kh3 Bxb3 30. Rxc7 Rxc7 31. axb3 Rc1 32. g3 hxg3 33. Kg2
gxf2 34. Rxf2 Qc6+ 35. Rf3 Rc2+ 36. Kg3 Qd6+ 37. Rf4 d3 38. Qxa7 Qe6 39. Qa8+
Rc8 40. Qe4 Qxb3 41. Rf3 Rd8 42. Qe7 Rb8 43. Qd7 Qe6 44. Qxe6 fxe6 45. Rxd3 Rxb2
46. Rd7 Kh7 47. Kf4 Kg6 48. Rd6 Kf6 49. g5+ Ke7 50. Ra6 Rb4+ 51. Ke5 Rb5+ 52.
Kf4 Rf5+ 53. Kg4 g6 54. Ra7+ Kf8 55. Ra6 Kf7 56. Ra7+ Kg8 57. Ra6 Kf7 58. Ra7+ 1/2-1/2

[Event "London Classic Open 2016"]
[Site "London ENG"]
[Date "2016.12.14"]
[Round "7.72"]
[White "Ditmas, Hugh"]
[Black "Hill, Alistair"]
[Result "0-1"]
[WhiteElo "2018"]
[BlackElo "2237"]
[WhiteFideId "1270666"]
[BlackFideId "432407"]
[EventDate "2016.12.09"]

1. d4 Nf6 2. c4 g6 3. Nc3 d5 4. cxd5 Nxd5 5. e4 Nxc3 6. bxc3 Bg7 7. Nf3 c5 8.
Rb1 O-O 9. Be2 b6 10. O-O Bb7 11. Qd3 Ba6 12. Qc2 cxd4 13. cxd4 Qd7 14. Bxa6
Nxa6 15. Qd3 Nc5 16. Qe3 Na4 17. Ba3 Rfc8 18. Rbc1 b5 19. h3 a5 20. Rxc8+ Rxc8
21. Rc1 b4 22. Rxc8+ Qxc8 23. Qb3 Nc3 24. Bb2 Nxe4 25. Ne5 Qf5 26. f3 Nd2 27.
Qd1 Bxe5 28. dxe5 Nc4 29. Qd8+ Kg7 30. Bd4 Qe6 31. Bc5 g5 32. Bxe7 Qb6+ 33. Kh2
Qxd8 34. Bxd8 a4 35. Bxg5 Nxe5 36. Bd2 Nd3 37. Kg1 b3 38. axb3 axb3 39. Bc3+ Kg6
40. Kf1 b2 41. Bxb2 Nxb2 42. Kf2 Kf5 43. Ke3 Nd1+ 44. Ke2 Kf4 45. g4 Nb2 46. h4
Nc4 0-1

[Event "London Classic Open 2016"]
[Site "London ENG"]
[Date "2016.12.14"]
[Round "7.73"]
[White "Brozel, Sacha"]
[Black "Grant, Jonathan I M"]
[Result "1/2-1/2"]
[WhiteElo "2035"]
[BlackElo "2218"]
[WhiteFideId "429317"]
[BlackFideId "2400294"]
[EventDate "2016.12.09"]

1. c4 c5 2. g3 Nf6 3. Nc3 e6 4. Nf3 b6 5. Bg2 Bb7 6. O-O a6 7. d4 cxd4 8. Nxd4
Bxg2 9. Kxg2 Qc8 10. b3 Qb7+ 11. Kg1 Be7 12. a4 O-O 13. a5 bxa5 14. Qc2 Bb4 15.
Bg5 Bxc3 16. Qxc3 Ne4 17. Qxa5 e5 18. Nf3 Nc6 19. Qd5 Nxg5 20. Nxg5 h6 21. Ne4
Qxb3 22. Nc5 Qc3 23. Rfc1 Qd4 24. Nxd7 Qxd5 25. cxd5 Nd4 26. Rc7 Rfd8 27. e4 Nb5
28. Rc5 Nd6 29. Nxe5 Nxe4 30. Rca5 1/2-1/2